000 01374nam a2200337 a 4500
001 000115897
003 CHAP
005 20220329144553.0
008 190722s2019 mx a |sm |||||||spa d
010 _a112358
011 _a113330
040 _cCHAP
090 _aTesis
100 1 _aPérez Alva, Erick Miguel.
_9136555
245 1 0 _aCaracterización morfológica de la escama Pseudococcus longispinus (Hemíptera: Coccoidea) en Ficus benjamina L. y efectividad bilógica de hongos entomopatógenos
_h[En línea]
_cpor Erick Miguel Pérez Alva.
260 _aChapingo, Méx. :
_bEl autor,
_c2019.
500 _aPara ver el contenido del material haga clic en la liga
502 _aTesis (Ing. Agr. Esp. en Parasitología Agrícola) -- UACH. Departamento de Parasitología Agrícola
590 _aBATCH-UPD
_b05
_c20190722
_lUCH01
_h1124
590 _aE11695DGD
_b10
_c20190722
_lUCH01
_h1235
590 _aE11695DGD
_b10
_c20190722
_lUCH01
_h1235
590 _aE6337LMJ
_b05
_c20190722
_lUCH01
_h1124
590 _aE6337LMJ
_b05
_c20190722
_lUCH01
_h1124
650 1 4 _aControl biológico de hongos.
_927580
650 1 4 _aHongos fitopatógenos
_xIdentificación.
_9131720
650 1 4 _aPlantas ornamentales
_xEnfermedades por hongos.
_989064
856 _aFinding aid
_uhttp://10.13.5.2/tesis/sist115897.pdf
_zTeclea aquí
901 _aBK
942 _cTESIS
942 _n0
999 _c112358
_d112358